[Event "DSOL 05 Liga Gr-C 1st"]
[Site "Playchess.com INT"]
[Date "2020.08.11"]
[Round "2.2"]
[White "Kuebler, Andreas"]
[Black "Wiese, Ludger"]
[Result "0-1"]
[WhiteElo "1681"]
[BlackElo "1836"]
[PlyCount "96"]
[EventDate "2020.06.22"]
[EventType "team-tourn (rapid)"]
[EventCountry "GER"]
[SourceTitle "EXT 2021"]
[Source "ChessBase"]
[SourceDate "2020.10.23"]
[SourceVersion "1"]
[SourceVersionDate "2020.10.23"]
[SourceQuality "1"]
[WhiteTeam "Koenigsbronn"]
[BlackTeam "Wunstorf"]
[WhiteTeamCountry "GER"]
[BlackTeamCountry "GER"]

1. b3 Nf6 2. Bb2 g6 3. e3 Bg7 4. Nf3 c5 5. c4 0-0 6. Be2 Nc6 7. 0-0 d6 8. d4 cxd4 9. Nxd4 Nxd4 10. Bxd4 Bd7 11. Nd2 Bc6 12. Bf3 Qd7 13. Qc2 Rfc8 14. Bxc6 Qxc6 15. Rac1 b5 16. Qd3 a6 17. Bb2 b4 18. Nf3 a5 19. Nd4 Qe4 20. Qd2 Qg4 21. f3 Qg5 22. Rc2 Nd7 23. e4 Qxd2 24. Rxd2 Nc5 25. Ne2 Bh6 26. f4 Nxe4 27. Rdd1 a4 28. Nc1 e6 29. g3 Bg7 30. Bxg7 Kxg7 31. Rfe1 f5 32. Nd3 axb3 33. axb3 Ra3 34. Rb1 Nd2 35. Nxb4 Nxb1 36. Rxb1 Rb8 37. Nc2 Raxb3 38. Re1 Kf6 39. Nd4 Rb1 40. Kf1 Rxe1+ 41. Kxe1 Rc8 42. Nb5 Rxc4 43. Nxd6 Rc2 44. Kf1 Rxh2 45. Nc4 h6 46. Kg1 Ra2 47. Ne3 g5 48. Ng2 Rxg2+ 0-1